Countries by Bordering Country and Number of Borders - Statistics

General Stats
  • This quiz has been taken 17 times
  • The average score is 17 of 20
Answer Stats
Number of borders Border example Answer % Correct
9 Argentina Brazil
100%
3 Yemen Oman
100%
1 Spain Portugal
100%
14 Mongolia Russia
100%
2 Norway Sweden
100%
8 Germany France
92%
2 Romania Moldova
92%
1 Italy San Marino
92%
2 Mexico Belize
85%
5 Venezuela Columbia
85%
1 Senegal Gambia
85%
3 Malaysia Indonesia
85%
5 China Kazakhstan
85%
3 Israel Egypt
77%
2 South Africa Eswatini
77%
5 Laos Myanmar
77%
4 Burkina Faso Benin
69%
6 China India
62%
8 Georgia Turkey
62%
3 Democratic Republic of the Congo Burundi
31%
No matching quizzes found
Score Distribution
Percent of People with Each Score
Percentile by Number Answered
Your Score History
You have not taken this quiz